00531nam a22001817a 450000500170000001000280001702000230004503500170006803500130008503700240009808200060012210000180012824500480014626000320019427000830022630000280030950000120033720190823161818.0 a1819CHEN B-720083-103 a8188731226c495.00 aB-720083-103 aB-728656 adplbSmriti Sahitya aS aSharma,Vishnu aTales from panchtantra /cby Vishnu Sharma  aDelhibSmriti Sahityac2018 a511/1-E, Gali No.2, Near Tash Factory, Vishwas Nagar, ShahadarabDelhie110032 a208p.:bill.c22cm(Hb)  aAirport